000 00571nam a2200229Ia 4500
003 OSt
005 20220928152037.0
006 a|||||r|||| 00| 0
007 ta
008 220927b |||||||| |||| 00| 0 eng d
024 _a143534
037 _cTextual
040 _aSDCL
_cSDCL
_beng
041 _2eng
_aeng
082 _aX:89F, L7
100 _aHingorani N L
_9503329
245 0 _aManagement accounting
260 _c1977
700 _a Ramanathan A R
942 _hX:89F, L7
_cTEXL
_2CC
999 _c854118
_d854118